000 00306nam a22001337a 4500
008 181207b xxu||||| |||| 00| 0 eng d
020 _a9780471314240
041 _aeng
080 _a910
100 _a42
101 _ageo
245 _aGeography Relams And Concepts 2000
_cBlif.H.J
942 _2udc
_cBK
999 _c52978
_d52978